00872nam a22002297a 4500003000200000005001700002008004100019020001800060050002300078100003600101245012400137250001300261260003400274300003800308504005100346650002100397700003300418700003700451942001200488999001900500952012300519020240923143457.0240923b xxu||||| |||| 00| 0 eng d a9780357798782 aPN 4121b.V47 2024 aVerderber, Rudolph F.,eauthor. aThe challenge of effective speaking in a digital age /cRudolph F. Verderber, Deanna D. Sellnow, Kathleen S. Verderber. a18th ed. aBoston, MA :bCengage,c2024. axx, 340 p. :bcol. ill. ;c28 cm. aIncludes bibliographical references and index. aPublic speaking. aSellnow, Deanna D.,eauthor. aVerderber, Kathleen S.,eauthor. 2lcccBK c366352d366352 00102lcc40aCLbCLcRESd2024-09-23eLibrary Fundl0oPN 4121 .V47 2024pC23684r2024-09-23 00:00:00w2024-09-23yBK